R (on the application of Greenpeace Ltd) v. SOS for Trade and Industry (Record no. 106546)
[ view plain ]
| 000 -LEADER | |
|---|---|
| fixed length control field | 02198cam a2200193 4500 |
| 001 - CONTROL NUMBER | |
| control field | L136914 |
| 008 - FIXED-LENGTH DATA ELEMENTS--GENERAL INFORMATION | |
| fixed length control field | 070302n2007 000 0 eng u |
| 035 ## - SYSTEM CONTROL NUMBER | |
| System control number | (Sirsi) u136914 |
| 041 0# - LANGUAGE CODE | |
| Language code of text/sound track or separate title | eng |
| 245 00 - TITLE STATEMENT | |
| Title | R (on the application of Greenpeace Ltd) v. SOS for Trade and Industry |
| Medium | [electronic resource] |
| 260 ## - PUBLICATION, DISTRIBUTION, ETC. | |
| Date of publication, distribution, etc. | 2007 |
| 520 ## - SUMMARY, ETC. | |
| Summary, etc. | [2007] EWHC 311 (Admin), 15 February 2007. Greenpeace applied to quash a decision of the defendant secretary of state to support nuclear new build as part of the United Kingdom's future electricity generating mix. The Government had published a White Paper on the future of energy production in the UK that addressed the possible use of new nuclear power plants to produce electricity. The White Paper indicated that the Government was not minded to support new nuclear build and that there was to be "the fullest public consultation" before the Government reached any decision to change its policy. A review of the White Paper was then announced and a consultation was sought from all interested parties including the general public. A period of 12 weeks was given for the consultation. Having heard submissions from various parties including Greenpeace, the secretary of state announced that that he had decided to support nuclear new build as part of the UK's future electricity generating mix. As the consultation was an 'issues' paper and not a full public consultation, Greenpeace claimed that the Government had breached public expectation. "Held": The consultation process was very seriously flawed, procedurally unfair and a breach of Greenpeace's legitimate expectation that there would be the fullest consultation. As an Issues Paper the consultation document was satisfactory but as a consultation paper on an issue of such importance and complexity it was inadequate. A declaration was granted in favour of the applicant. |
| 590 ## - LOCAL NOTE (RLIN) | |
| Local note | KA |
| 650 24 - SUBJECT ADDED ENTRY--TOPICAL TERM | |
| Topical term or geographic name entry element | R (ON THE APPLICATION OF GREENPEACE LTD) V SOS TRADE & INDUSTRY |
| 651 #4 - SUBJECT ADDED ENTRY--GEOGRAPHIC NAME | |
| Geographic name | England |
| Chronological subdivision | 886- |
| 690 ## - LOCAL SUBJECT ADDED ENTRY--TOPICAL TERM (OCLC, RLIN) | |
| Topical term or geographic name as entry element | ENVIRONMENTAL AND LAND CONSULTANCY-ENERGY |
| 856 40 - ELECTRONIC LOCATION AND ACCESS | |
| Uniform Resource Identifier | <a href="https://www.bailii.org/ew/cases/EWHC/Admin/2007/311.html">https://www.bailii.org/ew/cases/EWHC/Admin/2007/311.html</a> |
| Public note | View the decision free of charge at www.bailii.org... |
| 942 ## - ADDED ENTRY ELEMENTS (KOHA) | |
| Suppress in OPAC | 0 |
| Withdrawn status | Lost status | Source of classification or shelving scheme | Damaged status | Not for loan | Home library | Current library | Shelving location | Date acquired | Total Checkouts | Full call number | Barcode | Date last seen | Copy number | Price effective from | Koha item type |
|---|---|---|---|---|---|---|---|---|---|---|---|---|---|---|---|
| Dewey Decimal Classification | Virtual | Virtual | Online | 02/03/2007 | ONLINE PUBLICATION | 136914-1001 | 06/08/2019 | 1 | 06/08/2019 | Book |